Sports Quiz

Random Sports or NBA Quiz

NBA Finals MVPs Quiz Stats

 Plays Quiz not verified by Sporcle

Support Sporcle.
Go Orange.
Score 0/52 Timer 05:00
0 Plays Today
Position & Team Answer % Correct
G/F Los Angeles LakersLeBron James
100%
F Boston CelticsLarry Bird
98.4%
C Los Angeles LakersKareem Abdul-Jabbar
98.4%
F Boston CelticsLarry Bird
98.4%
G Chicago BullsMichael Jordan
98.4%
G Chicago BullsMichael Jordan
98.4%
G Chicago BullsMichael Jordan
98.4%
C Houston RocketsHakeem Olajuwon
98.4%
C Houston RocketsHakeem Olajuwon
98.4%
G Chicago BullsMichael Jordan
98.4%
G Chicago BullsMichael Jordan
98.4%
G Chicago BullsMichael Jordan
98.4%
F/C San Antonio SpursTim Duncan
98.4%
C Los Angeles LakersShaquille O'Neal
98.4%
C Los Angeles LakersShaquille O'Neal
98.4%
C Los Angeles LakersShaquille O'Neal
98.4%
F/C San Antonio SpursTim Duncan
98.4%
F/C San Antonio SpursTim Duncan
98.4%
G Los Angeles LakersKobe Bryant
98.4%
G Los Angeles LakersKobe Bryant
98.4%
F Dallas MavericksDirk Nowitzki
98.4%
F Miami HeatLeBron James
98.4%
F Miami HeatLeBron James
98.4%
F San Antonio SpursKawhi Leonard
98.4%
F Cleveland CavaliersLeBron James
98.4%
F Golden State WarriorsKevin Durant
98.4%
Position & Team Answer % Correct
F Golden State WarriorsKevin Durant
98.4%
F Toronto RaptorsKawhi Leonard
98.4%
G Detroit PistonsIsiah Thomas
96.8%
G Miami HeatDwyane Wade
96.8%
G San Antonio SpursTony Parker
96.8%
F Boston CelticsPaul Pierce
96.8%
G Seattle SupersonicsDennis Johnson
95.2%
G Los Angeles LakersMagic Johnson
95.2%
G Los Angeles LakersMagic Johnson
95.2%
G Los Angeles LakersMagic Johnson
95.2%
G Detroit PistonsChauncey Billups
95.2%
G Los Angeles LakersJerry West
93.7%
F/G Golden State WarriorsAndre Iguodala
93.7%
C Los Angeles LakersWilt Chamberlain
90.5%
F Los Angeles LakersJames Worthy
90.5%
C Philadelphia 76ersMoses Malone
88.9%
G Detroit PistonsJoe Dumars
88.9%
F/G Boston CelticsJohn Havlicek
85.7%
C Portland Trail BlazersBill Walton
84.1%
F Golden State WarriorsRick Barry
79.4%
C/F New York KnicksWillis Reed
76.2%
C/F New York KnicksWillis Reed
76.2%
C/F Washington BulletsWes Unseld
74.6%
C Milwaukee BucksLew Alcindor
71.4%
G Boston CelticsJo Jo White
58.7%
F Boston CelticsCedric Maxwell
58.7%

You're not logged in!

Compare scores with friends on all Sporcle quizzes.
OR
Log In

From the Vault

The Cat House (Logic Puzzle)

by wildebeest

Imagine how many hairballs you'd find just behind random things.
Remove Ads.
Support Sporcle.
Get the best of Sporcle when you Go Orange. This ad-free experience offers more features, more stats, and more fun while also helping to support Sporcle. Thank you for becoming a member.

Show Comments

Extras

Created Feb 20, 2020ReportNominate
Tags:NBA Quiz, final, MVP, NBA Finals, position, team

Top Quizzes Today


Score Distribution

Your Account Isn't Verified!

In order to create a playlist on Sporcle, you need to verify the email address you used during registration. Go to your Sporcle Settings to finish the process.

Report this User

Report this user for behavior that violates our Community Guidelines.

Details: